| 000 | 00827nam a2200253 i 4500 | ||
|---|---|---|---|
| 001 | 19008 | ||
| 003 | ES-MaACL | ||
| 005 | 20251017063042.0 | ||
| 007 | t| | ||
| 008 | 020513s2001 sp ||||1| spa d | ||
| 020 | _a84-88006-78-0 | ||
| 080 | _a73 Feliciano (083.824) | ||
| 100 | 0 |
_aFeliciano, _d1936- _949161 |
|
| 245 | 1 | 0 |
_aTensiones _b: Sala de las Bóvedas, septiembre-noviembre 2001 / _cFeliciano. |
| 260 |
_a[Madrid : _bCentro Cultural del Conde Duque, _c2001] |
||
| 300 |
_a114 p. : _bil. col. ; _c22 cm. |
||
| 504 | _aBibliografía: p. 97-106. | ||
| 600 | 0 | 4 |
_aFeliciano, _d1936- _vExposiciones _949162 |
| 655 | 7 |
_2tgfbne _9193628 _aCatálogos de exposiciones |
|
| 710 | 2 |
_aCentro Cultural del Conde Duque. _92579 |
|
| 852 |
_aES-MaACL _jL-25491 _bR.130576 |
||
| 942 | _2udc | ||
| 999 |
_c19008 _d19008 |
||